Normale Ansicht MARC-Ansicht ISBD

Clausewitz Verstehen : (Titelsatznr. 56734)

[ MARC ]
MARC-Details
000 -Satzkennung
Kontrollfeld mit fester Länge 01236nam a22003373i 4500
001 - Kontrollnummer
Kontrollfeld EBC6636612
003 - Kontrollnummer Identifier
Kontrollfeld MiAaPQ
005 - Datum und Zeit der letzten Transaktion
Kontrollfeld 20211013125249.0
007 - Feld mit fester Länge zur physischen Beschreibung - Allgemeine Information
Kontrollfeld mit fester Länge cr cnu||||||||
008 - Feld mit fester Länge zur physischen Beschreibung - Allgemeine Angaben
Kontrollfeld mit fester Länge 210624s2021 xx o ||||0 ger d
020 ## - Internationale Standardbuchnummer
Internationale Standardbuchnummer 9783657703173
Nähere Angaben (electronic bk.)
020 ## - Internationale Standardbuchnummer
Internationale Standardbuchnummer 9783506703170
040 ## - Katalogisierungsquelle
Original-Katalogisierungsstelle MiAaPQ
Katalogisierungssprache eng
Übertragungsstelle MiAaPQ
041 ## - Sprachcode
Sprachcode des Textes/der Tonspur oder des separaten Titels ger
100 1# - Haupteintragung - Personenname
Personenname Müller, Christian Th.
245 10 - Titel
Titel Clausewitz Verstehen :
Zusatz zum Titel Wirken, Werk und Wirkung
Verfasserangabe etc. Christian Th. Müller
264 #1 - Produktion, Veröffentlichung, Distribution, Herstellung und Urheberrechtsvermerk
Herstellungs-, Veröffentlichungs- Vertriebs-, Erzeugungsort Boston :
Produzent, Herausgeber, Distributor, Hersteller Brill,
Datum der Herstellung, der Veröffentlichung, des Vertriebs oder des Urheberschutzvermerks 2021.
264 #4 - Produktion, Veröffentlichung, Distribution, Herstellung und Urheberrechtsvermerk
Datum der Herstellung, der Veröffentlichung, des Vertriebs oder des Urheberschutzvermerks ©2021.
300 ## - Physische Beschreibung
Umfang 1 online resource (311 pages)
336 ## - Inhaltstyp
Quelle rdacontent
Inhaltstypterm Text
Inhaltstypcode txt
337 ## - Medientyp
Quelle rdamedia
Bezeichnung des Medientyps Computermedien
Medientypcode bc
338 ## - Datenträgertyp
Quelle rdacarrier
Datenträgertypbezeichnung Online Ressource
Datenträgertypcode cr
500 ## - Allgemeine Fußnote
Allgemeine Fußnote E-Book-ProQuest / Fernzugriff nach Registrierung möglich
588 ## - Anmerkung zur Ausgabe, zum Teil oder zur Iteration, die/der als Grunlage für die Identifizierung der Ressource verwendet wird
Anmerkung zur Ausgabe, zum Teil oder zur Iteration, die/der als Grunlage für die Identifizierung der Ressource verwendet wird Description based on publisher supplied metadata and other sources.
600 14 - Nebeneintragung unter einem Schlagwort - Personenname
Personenname Clausewitz, Carl von
655 #4 - Indexierungsterm - Genre/Form
Genre/Form oder fokussierter Term
655 ## - Indexierungsterm - Genre/Form
Genre/Form oder fokussierter Term Fernzugriff
776 08 - Andere physische Form
Verweisungsphrase Print version:
Haupteintragung Müller, Christian Th.
Titel Clausewitz Verstehen
Ort, Verlag und Erscheinungsjahr Boston : BRILL,c2021
Internationale Standardbuchnummer 9783506703170
856 40 - Elektronische Adresse und Zugriff
URL <a href="https://ebookcentral.proquest.com/lib/maxweberstiftung-ebooks/detail.action?docID=6636612">https://ebookcentral.proquest.com/lib/maxweberstiftung-ebooks/detail.action?docID=6636612</a>
OPAC-Notiz Volltext
942 ## - Zusätzliche Felder (Koha)
Koha-Medientyp E-Books
Klassifikation oder Aufstellungssystematik Andere/Generische Klassifikation
Exemplare
Ausgeschieden Verloren Klassifikation oder Aufstellungssystematik Beschädigt Nicht entleihbar Heimatbibliothek Aufenthaltsbibliothek Aufstellungsort Erwerbungsdatum Inventarnummer Signatur Barcode Letzte Aktivität Preis gültig von Koha-Medientyp
    Andere/Generische Klassifikation     MWN Osteuropa MWN Osteuropa Online-Ressource 25/06/2021 21-e00624 E-21-e00624 56849 25/06/2021 25/06/2021 E-Books